Vnímanie vybraných nástrojov marketingovej komunikácie v masmédiách
Vnímanie vybraných nástrojov marketingovej komunikácie v masmédiách študentmi Prešovskej univerzity v zmysle efektívnosti. Skúmané oblasti a výskumná vzorka. Formulácia hypotéz prieskumu. Interpretácia a výsledky prieskumu.
Enregistré dans:
| Auteur principal: | |
|---|---|
| Autres auteurs: | |
| Format: | Chapitre de livre |
| Langue: | slovaque |
| Sujets: | |
| Tags: |
Pas de tags, Soyez le premier à ajouter un tag!
|
MARC
| LEADER | 00000naa$a2200000$$$4500 | ||
|---|---|---|---|
| 001 | 0115668 | ||
| 005 | 20220321125818.8 | ||
| 041 | 0 | |a slo | |
| 044 | |a SK | ||
| 245 | 1 | 0 | |a Vnímanie vybraných nástrojov marketingovej komunikácie v masmédiách |c Martina Ferencová, Jaroslava Gburová |
| 520 | |a Vnímanie vybraných nástrojov marketingovej komunikácie v masmédiách študentmi Prešovskej univerzity v zmysle efektívnosti. Skúmané oblasti a výskumná vzorka. Formulácia hypotéz prieskumu. Interpretácia a výsledky prieskumu. | ||
| 610 | 2 | 0 | |a komunikácia marketingová |
| 610 | 2 | 0 | |a mix komunikačný |
| 610 | 2 | 0 | |a podpora predaja |
| 610 | 2 | 0 | |a riadenie vzťahov so zákazníkmi |
| 610 | 2 | 0 | |a hypotézy |
| 610 | 2 | 0 | |a prieskum štatistický |
| 100 | 1 | |a Ferencová, Martina | |
| 700 | 1 | |a Gburová, Jaroslava | |